000 01117 a2200277 4500
999 _c11157
_d11157
020 _a0750708743 (paper)
020 _a0750708751 (cased)
050 0 0 _aGV361
_bLEA 1999
245 0 0 _aLearning and teaching in physical education /
_cedited by Colin A. Hardy and Mick Mawer.
264 _aNew York :
_bRoutledgeFalmer,
_cc1999
300 _a240 pages
_billustrations
336 _2rdacontent
_atext
_btxt
337 _2rdamedia
_aunmediated
_bn
338 _2rdacarrier
_avolume
_bnc
504 _aIncludes bibliographical references and index.
650 0 _aPhysical education and training
_xStudy and teaching
650 0 _aPhysical education teachers
700 1 _aHardy, Colin A.
_eeditor
700 1 _aMawer, Michael.
_eeditor
856 4 2 _3Publisher description
_uhttp://www.loc.gov/catdir/enhancements/fy0652/99231297-d.html
942 _2lcc
_cBK
_h361
_iLEA
_kGV